[Event "Cappelle-la-Grande"]
[Site "Cappelle-la-Grande (FRA)"]
[Date "2013.02.25"]
[Round "3.12"]
[White "Lalic, Bogdan"]
[Black "Kravtsiv, Martyn"]
[Result "1/2-1/2"]
[WhiteElo "2478"]
[BlackElo "2597"]
[PlyCount "43"]
[EventDate "2013.??.??"]

1. d4 Nf6 2. c4 e6 3. g3 d5 4. Bg2 Bb4+ 5. Nd2 O-O 6. Ngf3 dxc4 7. Qc2 a5 8.
Qxc4 b6 9. Qc2 Ba6 10. a3 Be7 11. Ne4 Nxe4 12. Qxe4 Ra7 13. O-O Nd7 14. Rd1 Bb7
15. Qc2 Qa8 16. Ng5 Nf6 17. Bxb7 Qxb7 18. Bd2 Rc8 19. Rac1 h6 20. Nf3 c5 21.
dxc5 Bxc5 22. Be3 1/2-1/2

[Event "Cappelle-la-Grande"]
[Site "Cappelle-la-Grande (FRA)"]
[Date "2013.02.25"]
[Round "3.14"]
[White "Zhigalko, Andrey"]
[Black "Sharif, Mehrshad"]
[Result "1-0"]
[WhiteElo "2588"]
[BlackElo "2444"]
[PlyCount "47"]
[EventDate "2013.??.??"]

1. e4 d5 2. exd5 Qxd5 3. Nf3 Bg4 4. Be2 Nc6 5. O-O O-O-O 6. Re1 Nf6 7. h3 Bxf3
8. Bxf3 Qd7 9. c3 g5 10. d4 Rg8 11. Nd2 e6 12. b4 Bd6 13. Nc4 Nd5 14. Bd2 Nce7
15. a4 Nf5 16. g3 Rg7 17. a5 h5 18. Bxh5 Nf6 19. Bf3 g4 20. hxg4 Nxg4 21. a6 b6
22. Bxg4 Nxg3 23. Qf3 Rdg8 24. Qa8# 1-0

[Event "Cappelle-la-Grande"]
[Site "Cappelle-la-Grande (FRA)"]
[Date "2013.02.25"]
[Round "3.16"]
[White "Sepp, Olav"]
[Black "Danin, Alexandre"]
[Result "0-1"]
[WhiteElo "2453"]
[BlackElo "2578"]
[PlyCount "170"]
[EventDate "2013.??.??"]

1. Nf3 c5 2. c4 Nc6 3. Nc3 g6 4. e3 Nf6 5. d4 cxd4 6. exd4 d5 7. cxd5 Nxd5 8.
Qb3 Nxc3 9. Bc4 Nd5 10. Bxd5 e6 11. Bxc6+ bxc6 12. O-O Qd5 13. Qe3 f6 14. Bd2
Be7 15. Rfc1 O-O 16. b3 a5 17. a4 Bd7 18. Rc4 Rfb8 19. Qc3 Rb7 20. Rb1 Rab8 21.
h3 Qf5 22. Rc1 Ba3 23. g4 Qd5 24. Rb1 Bd6 25. Kg2 Bb4 26. Qc2 Bd6 27. Qc3 Kf7
28. Qc2 Kg7 29. Qc3 g5 30. Qd3 Be8 31. Qc3 Bg6 32. Rb2 Be4 33. Qe3 Bf4 34. Qe2
Rxb3 35. Rxb3 Rxb3 36. Rc3 Bxf3+ 37. Qxf3 Rxc3 38. Bxc3 Bc7 39. Qxd5 cxd5 40.
Kf3 Kf7 41. Ke3 Ke7 42. f3 Kd7 43. Kd3 Kc6 44. Be1 Kb6 45. h4 gxh4 46. Bxh4 Bd8
47. f4 Kc6 48. f5 Kd7 49. Bg3 Be7 50. Be1 Bd8 51. Bg3 Bb6 52. Bf4 Ke8 53. Bg3
Ke7 54. Bf4 Kd8 55. Bg3 Bc7 56. Be1 Ke7 57. Bd2 Kf7 58. Bc3 Ke7 59. Ke3 e5 60.
Kf3 Kd6 61. Bb2 Bb6 62. Ba3+ Kd7 63. dxe5 fxe5 64. g5 Bd4 65. Bf8 Ke8 66. Bd6
Kd7 67. Bf8 Bc3 68. Bc5 Bd2 69. Kg4 d4 70. g6 hxg6 71. fxg6 Ke6 72. Kf3 Bb4 73.
Bxb4 axb4 74. g7 Kf7 75. a5 b3 76. a6 b2 77. a7 b1=Q 78. a8=Q Kxg7 79. Qe8 Qd3+
80. Kf2 Qf5+ 81. Ke2 Kh6 82. Qe7 Kh5 83. Qe8+ Kh4 84. Qc6 Kg3 85. Kd2 Qf2+ 0-1

[Event "Cappelle-la-Grande"]
[Site "Cappelle-la-Grande (FRA)"]
[Date "2013.02.25"]
[Round "3.17"]
[White "Burmakin, Vladimir"]
[Black "Bruno, Fabio"]
[Result "1-0"]
[WhiteElo "2577"]
[BlackElo "2440"]
[PlyCount "89"]
[EventDate "2013.??.??"]

1. d4 Nf6 2. Nf3 e6 3. g3 b5 4. Bg2 Bb7 5. O-O d5 6. Qd3 a6 7. b3 Nbd7 8. c4
Be7 9. c5 b4 10. Qc2 Bc6 11. a4 a5 12. Bb2 O-O 13. Nbd2 Qb8 14. Ne1 Qb7 15. Nd3
Ne4 16. Nf3 Rfe8 17. Nfe5 Nxe5 18. Nxe5 f6 19. Nd3 f5 20. f3 Ng5 21. Ne5 Bf6
22. Nxc6 Qxc6 23. h4 Nf7 24. e4 f4 25. gxf4 Bxh4 26. Kh2 Nh6 27. Bh3 Rf8 28.
Bc1 Rf6 29. Rg1 Raf8 30. Qd3 Qe8 31. Ra2 c6 32. Rag2 Rg6 33. Rxg6 hxg6 34. exd5
exd5 35. Rxg6 Rf6 36. Rg2 Qh5 37. Bg4 Qf7 38. Re2 Nxg4+ 39. fxg4 Rxf4 40. Bxf4
Qxf4+ 41. Kh3 Bf6 42. Qf5 Qc1 43. Kg2 Kf7 44. Qe6+ Kg6 45. Qe8+ 1-0

[Event "Cappelle-la-Grande"]
[Site "Cappelle-la-Grande (FRA)"]
[Date "2013.02.25"]
[Round "3.18"]
[White "Popovic, Dusan"]
[Black "Dumitrache, Dragos-Nicolae"]
[Result "1/2-1/2"]
[WhiteElo "2574"]
[BlackElo "2440"]
[PlyCount "97"]
[EventDate "2013.??.??"]

1. e4 e5 2. Nf3 Nc6 3. Bb5 Nf6 4. d3 d6 5. c3 Bd7 6. O-O g6 7. Re1 Bg7 8. h3
O-O 9. Ba4 Qe8 10. Bc2 Nh5 11. d4 f5 12. Nbd2 f4 13. dxe5 dxe5 14. b4 a6 15. a4
Kh8 16. Ba3 Rf6 17. b5 Nd8 18. c4 Nf7 19. Bb2 Rd8 20. Ra3 g5 21. Nh2 Rh6 22.
Rd3 Nf6 23. Ndf3 g4 24. hxg4 Nxg4 25. Nxg4 Bxg4 26. c5 axb5 27. Bb3 Rxd3 28.
Qxd3 Bxf3 29. Qxf3 bxa4 30. Bc4 Ng5 31. Qg4 Rg6 32. Rd1 Ne6 33. Qf5 Rf6 34. Qg4
Nxc5 35. Bxe5 Rg6 36. Bxg7+ Kxg7 37. Qxf4 Qe7 38. Rd5 b5 39. Bxb5 c6 40. Re5
Ne6 41. Bc4 Rxg2+ 42. Kf1 Nxf4 43. Rxe7+ Kg6 44. Rf7 Rg4 45. f3 Rh4 46. Rc7 Kg5
47. Kf2 Rh2+ 48. Ke3 Rc2 49. Rxc6 1/2-1/2

[Event "Cappelle-la-Grande"]
[Site "Cappelle-la-Grande (FRA)"]
[Date "2013.02.25"]
[Round "3.19"]
[White "Monroy, Charles"]
[Black "Vazquez Igarza, Renier"]
[Result "0-1"]
[WhiteElo "2443"]
[BlackElo "2565"]
[PlyCount "72"]
[EventDate "2013.??.??"]

1. Nf3 Nf6 2. c4 c5 3. g3 b6 4. Bg2 Bb7 5. Nc3 g6 6. d4 cxd4 7. Qxd4 Bg7 8. O-O
d6 9. Rd1 Nbd7 10. Be3 Rc8 11. Rac1 a6 12. b3 O-O 13. Qh4 Rc7 14. Bh3 Qb8 15.
Bg5 b5 16. Bxd7 Rxd7 17. Nd5 Nxd5 18. cxd5 Re8 19. e4 Rc7 20. Rxc7 Qxc7 21. Rc1
Qd7 22. Be3 Rc8 23. Rxc8+ Bxc8 24. Kg2 Qc7 25. Bd4 f6 26. Be3 Qc2 27. Nd4 Qd1
28. Ne6 Bd7 29. Qf4 b4 30. Qf3 Qb1 31. Bd4 Bb5 32. g4 Bd3 33. Qe3 Qf1+ 34. Kg3
Qg1+ 35. Kf3 Bc2 36. Qf4 Bd1+ 0-1

[Event "Cappelle-la-Grande"]
[Site "Cappelle-la-Grande (FRA)"]
[Date "2013.02.25"]
[Round "3.22"]
[White "Borovikov, Vladislav"]
[Black "Mladenov, Plamen"]
[Result "1-0"]
[WhiteElo "2557"]
[BlackElo "2421"]
[PlyCount "85"]
[EventDate "2013.??.??"]

1. d4 Nf6 2. Nf3 g6 3. c4 Bg7 4. g3 d5 5. cxd5 Nxd5 6. Bg2 Nb6 7. Nc3 Nc6 8. e3
O-O 9. O-O Re8 10. Re1 e5 11. d5 Na5 12. e4 c6 13. b3 cxd5 14. exd5 e4 15. Nxe4
Rxe4 16. Rxe4 Bxa1 17. Bg5 Bf6 18. Bxf6 Qxf6 19. Re8+ Kg7 20. Qe1 Bg4 21. Rxa8
Nxa8 22. Ne5 Bc8 23. b4 Nb6 24. bxa5 Nd7 25. f4 Qd8 26. Qc3 f6 27. Nf3 Qf8 28.
d6 Qd8 29. Nd4 Nf8 30. Qc7+ Qxc7 31. dxc7 a6 32. Bd5 f5 33. Nb3 Kf6 34. Nc5 Ke7
35. Bxb7 Bxb7 36. Nxb7 Kd7 37. Nc5+ Kxc7 38. Nxa6+ Kc6 39. Nb4+ Kb5 40. a6 Kb6
41. Kf2 Ne6 42. Ke3 h6 43. Nd5+ 1-0

[Event "Cappelle-la-Grande"]
[Site "Cappelle-la-Grande (FRA)"]
[Date "2013.02.25"]
[Round "3.25"]
[White "Terrieux, Kevin"]
[Black "Jovanic, Ognjen"]
[Result "1/2-1/2"]
[WhiteElo "2419"]
[BlackElo "2547"]
[PlyCount "89"]
[EventDate "2013.??.??"]

1. d4 Nf6 2. c4 e6 3. Nc3 Bb4 4. Qc2 O-O 5. e4 d6 6. a3 Bxc3+ 7. bxc3 c5 8. e5
dxe5 9. dxe5 Ng4 10. Nf3 Nc6 11. Bf4 Qc7 12. Bd3 Ncxe5 13. Bxh7+ Kh8 14. Nxe5
Nxe5 15. Kf1 f6 16. Bg6 Qe7 17. Bxe5 fxe5 18. Re1 Qg5 19. h4 Qg4 20. Rxe5 Bd7
21. Kg1 Ba4 22. Qxa4 Qxg6 23. Qd1 b6 24. Rh3 Rad8 25. Qe2 Rf6 26. Kh2 Rdf8 27.
Rh5+ Kg8 28. Rg5 Qh7 29. h5 R8f7 30. f4 Qh6 31. g3 Qxg5 32. fxg5 Rf2+ 33. Qxf2
Rxf2+ 34. Kg1 Rf3 35. h6 g6 36. Kg2 Rf5 37. g4 Rf4 38. Rg3 Rxc4 39. Kh3 e5 40.
Rf3 e4 41. Rf6 Kh7 42. Rf7+ Kh8 43. Rf8+ Kh7 44. Rf7+ Kh8 45. Rf8+ 1/2-1/2

[Event "Cappelle-la-Grande"]
[Site "Cappelle-la-Grande (FRA)"]
[Date "2013.02.25"]
[Round "3.27"]
[White "Mueller, Ralf"]
[Black "Gopal G.n."]
[Result "1-0"]
[WhiteElo "2412"]
[BlackElo "2545"]
[PlyCount "89"]
[EventDate "2013.??.??"]

1. d4 d5 2. c4 e6 3. Nf3 c6 4. g3 dxc4 5. Bg2 b5 6. O-O Bb7 7. e4 Nf6 8. Nc3
Nbd7 9. e5 Nd5 10. Ng5 Be7 11. Qh5 g6 12. Qh6 Bf8 13. Qh3 Be7 14. Bxd5 exd5 15.
e6 Bxg5 16. exd7+ Qxd7 17. Qxd7+ Kxd7 18. Bxg5 Rhe8 19. Rfe1 a6 20. Kf1 c5 21.
Be3 cxd4 22. Bxd4 Kc6 23. Rxe8 Rxe8 24. Re1 Rxe1+ 25. Kxe1 Bc8 26. Kd2 Bf5 27.
Bg7 b4 28. Ne2 Bb1 29. Bf8 Kb5 30. Nd4+ Ka4 31. a3 a5 32. axb4 axb4 33. Nc6 Be4
34. Nxb4 Kb3 35. Nc6 Kxb2 36. Bb4 Kb3 37. Bc3 Ka4 38. Nd4 Bd3 39. Ke3 Ka3 40.
Kf4 f6 41. Ke3 Ka4 42. f3 h5 43. Ne6 Bf5 44. Nf4 Kb3 45. Kd2 1-0

[Event "Cappelle-la-Grande"]
[Site "Cappelle-la-Grande (FRA)"]
[Date "2013.02.25"]
[Round "3.28"]
[White "Jojua, Davit"]
[Black "Loiseau, Quentin"]
[Result "1/2-1/2"]
[WhiteElo "2543"]
[BlackElo "2374"]
[PlyCount "95"]
[EventDate "2013.??.??"]

1. d4 d5 2. c4 c6 3. Nf3 Nf6 4. e3 Nbd7 5. b3 g6 6. Be2 Bg7 7. O-O O-O 8. cxd5
Nxd5 9. Bb2 c5 10. Nc3 Nxc3 11. Bxc3 b6 12. Rc1 Bb7 13. Bb5 Rc8 14. Bxd7 Qxd7
15. dxc5 Qxd1 16. Rfxd1 Rxc5 17. Bb4 Rxc1 18. Rxc1 Rc8 19. Rxc8+ Bxc8 20. Bxe7
Bc3 21. Bd6 f6 22. Bb8 a5 23. Ba7 b5 24. Kf1 Kf7 25. Ke2 Bf5 26. Kd1 Be4 27.
Bd4 Bb4 28. Bb2 Bd6 29. h3 h5 30. Kd2 g5 31. Ne1 a4 32. f3 Bb1 33. bxa4 bxa4
34. a3 Ba2 35. Kd3 Ke6 36. Nc2 Bb1 37. Kd2 Bc5 38. e4 f5 39. g4 fxg4 40. fxg4
hxg4 41. hxg4 Bf2 42. Bc3 Kf7 43. Kc1 Ba2 44. Bd4 Bg3 45. Kb2 Be6 46. Ne3 Bf2
47. Kc3 Bxe3 48. Bxe3 1/2-1/2

[Event "Cappelle-la-Grande"]
[Site "Cappelle-la-Grande (FRA)"]
[Date "2013.02.25"]
[Round "3.29"]
[White "Pogorelov, Ruslan"]
[Black "Maiorov, Nikita"]
[Result "1-0"]
[WhiteElo "2403"]
[BlackElo "2542"]
[PlyCount "87"]
[EventDate "2013.??.??"]

1. Nf3 Nf6 2. c4 b6 3. g3 Bb7 4. Bg2 g6 5. O-O Bg7 6. Nc3 O-O 7. Re1 Ne4 8.
Nxe4 Bxe4 9. d3 Bb7 10. e4 e5 11. Bg5 f6 12. Bd2 d6 13. d4 Nd7 14. Bc3 Qe7 15.
d5 a5 16. b3 Nc5 17. a3 f5 18. exf5 gxf5 19. Nd4 Qf6 20. Nb5 Qf7 21. b4 Ne4 22.
Bb2 Nf6 23. Qc2 f4 24. gxf4 exf4 25. Nd4 Ng4 26. Ne6 Bxb2 27. Qxb2 Qf6 28. Qxf6
Rxf6 29. Nxc7 Rc8 30. Re7 Rf7 31. Rxf7 Kxf7 32. Nb5 Ke7 33. Re1+ Ne5 34. Rxe5+
dxe5 35. d6+ Kd8 36. Bxb7 Rxc4 37. Bd5 Rc1+ 38. Kg2 axb4 39. axb4 Kd7 40. Be4
Rc4 41. Bf5+ Kd8 42. Na7 b5 43. Be6 Rc2 44. Kf3 1-0

[Event "Cappelle-la-Grande"]
[Site "Cappelle-la-Grande (FRA)"]
[Date "2013.02.25"]
[Round "3.30"]
[White "Kurajica, Bojan"]
[Black "Doluhanova, Evgeniya"]
[Result "1/2-1/2"]
[WhiteElo "2539"]
[BlackElo "2266"]
[PlyCount "62"]
[EventDate "2013.??.??"]

1. d4 d5 2. Nf3 Nf6 3. c4 e6 4. e3 c6 5. Nbd2 Nbd7 6. b3 Be7 7. Bd3 O-O 8. Qc2
b6 9. e4 dxe4 10. Nxe4 Bb7 11. Neg5 h6 12. h4 Bb4+ 13. Kf1 Qe7 14. Bb2 Rfd8 15.
a3 Bd6 16. Ne5 Bxe5 17. dxe5 Ng4 18. Nf3 b5 19. Re1 bxc4 20. Bxc4 c5 21. h5 Nb6
22. Bd3 c4 23. bxc4 Qc5 24. Bh7+ Kh8 25. Rh4 Qxf2+ 26. Qxf2 Nxf2 27. Kxf2 Kxh7
28. c5 Nd5 29. Nd2 Ne7 30. Nc4 Rab8 31. Bc3 Nf5 1/2-1/2

[Event "Cappelle-la-Grande"]
[Site "Cappelle-la-Grande (FRA)"]
[Date "2013.02.25"]
[Round "3.31"]
[White "Nakar, Eylon"]
[Black "Djukic, Nikola"]
[Result "0-1"]
[WhiteElo "2385"]
[BlackElo "2538"]
[PlyCount "106"]
[EventDate "2013.??.??"]

1. e4 c5 2. Nf3 Nc6 3. Bb5 g6 4. Bxc6 dxc6 5. d3 Bg7 6. h3 Nf6 7. O-O Nd7 8. a4
e5 9. a5 Nf8 10. Nbd2 Ne6 11. Nc4 f6 12. c3 O-O 13. b4 cxb4 14. cxb4 Nc7 15.
Be3 Nb5 16. Na3 Nxa3 17. Qb3+ Kh8 18. Qxa3 f5 19. Bc5 Re8 20. Rfe1 g5 21. exf5
Bxf5 22. d4 e4 23. Ne5 Qd5 24. Qc1 h6 25. Nc4 Bg6 26. a6 b6 27. Bxb6 axb6 28.
Nxb6 Qb5 29. Nxa8 Rxa8 30. Qc3 Rxa6 31. Rxa6 Qxa6 32. Rc1 Qd3 33. Qxc6 e3 34.
fxe3 Qxe3+ 35. Kh1 Be4 36. Qc8+ Kh7 37. Rc7 Qf4 38. Qg4 Bxg2+ 39. Kxg2 Qxc7 40.
Qe4+ Kg8 41. h4 Qd6 42. hxg5 hxg5 43. d5 Qe5 44. Qc4 Qf4 45. Qc8+ Bf8 46. Qe6+
Kg7 47. b5 g4 48. Qd7+ Kh6 49. Qe6+ Kh5 50. Qe8+ Kg5 51. Qd8+ Qf6 52. Qc8 Bd6
53. Qg8+ Kf4 0-1

[Event "Cappelle-la-Grande"]
[Site "Cappelle-la-Grande (FRA)"]
[Date "2013.02.25"]
[Round "3.32"]
[White "Grigoryan, Karen H"]
[Black "Jeanne, Mickael"]
[Result "1-0"]
[WhiteElo "2531"]
[BlackElo "2206"]
[PlyCount "85"]
[EventDate "2013.??.??"]

1. d4 e6 2. c4 Nf6 3. Nc3 d5 4. Nf3 Bb4 5. Bg5 Nbd7 6. e3 c5 7. cxd5 exd5 8.
Be2 Qa5 9. O-O O-O 10. Nd2 c4 11. Qc2 Bxc3 12. bxc3 Re8 13. Rae1 Ne4 14. Nxe4
dxe4 15. Bf4 b5 16. a4 bxa4 17. Bxc4 Nb6 18. Ba2 Ba6 19. Rc1 Rac8 20. Rfd1 Bc4
21. Bxc4 Rxc4 22. Be5 Qd5 23. f3 f5 24. fxe4 fxe4 25. Rf1 Nd7 26. Bg3 Rec8 27.
Qb2 Qc6 28. Qa2 Kh8 29. h3 h6 30. Kh2 Nf6 31. Be5 Nd7 32. Bf4 Nf6 33. Qa3 Re8
34. Be5 Nd7 35. Bd6 Re6 36. Bg3 Re8 37. Rf7 a5 38. Re7 Rc8 39. Rf1 Rxc3 40. Qa2
Nf6 41. Qf7 Rg8 42. Be5 Ne8 43. Re6 1-0

[Event "Cappelle-la-Grande"]
[Site "Cappelle-la-Grande (FRA)"]
[Date "2013.02.25"]
[Round "3.33"]
[White "Kambrath, Yannick"]
[Black "Castellanos Rodrigue, Renier"]
[Result "1-0"]
[WhiteElo "2232"]
[BlackElo "2529"]
[PlyCount "93"]
[EventDate "2013.??.??"]

1. d4 Nf6 2. c4 e6 3. Nf3 c5 4. d5 d6 5. Nc3 exd5 6. cxd5 g6 7. Bf4 a6 8. a4
Bg7 9. h3 O-O 10. e3 Qe7 11. Nd2 Nbd7 12. Nc4 Ne8 13. Be2 Ne5 14. Nb6 Rb8 15.
a5 f5 16. O-O Nf6 17. Bh2 Nfd7 18. Nxc8 Rfxc8 19. Re1 Nf7 20. e4 Be5 21. exf5
gxf5 22. Bd3 Qg5 23. f4 Bxf4 24. Bxf4 Qxf4 25. Rf1 Qd4+ 26. Kh1 Nh6 27. Qh5 Qg7
28. Bxf5 Nf6 29. Be6+ Kh8 30. Qh4 Rf8 31. Rf3 Nfg8 32. Raf1 Rxf3 33. Rxf3 Rf8
34. Rxf8 Qxf8 35. Ne4 Qf1+ 36. Kh2 Qc4 37. Qf4 Qd4 38. b3 Qb4 39. Bxg8 Nxg8 40.
Qf5 Qxa5 41. Nxd6 Qc3 42. Ne4 Qd4 43. d6 b5 44. d7 c4 45. bxc4 bxc4 46. Qe6 c3
47. d8=Q 1-0

[Event "Cappelle-la-Grande"]
[Site "Cappelle-la-Grande (FRA)"]
[Date "2013.02.25"]
[Round "3.34"]
[White "Lagarde, Maxime"]
[Black "Bacon, Nicolas"]
[Result "1-0"]
[WhiteElo "2529"]
[BlackElo "2201"]
[PlyCount "63"]
[EventDate "2013.??.??"]

1. e4 c5 2. Nf3 Nc6 3. Bb5 Nf6 4. Bxc6 bxc6 5. e5 Nd5 6. O-O g6 7. d4 cxd4 8.
Qxd4 Bg7 9. Re1 O-O 10. Nc3 Nxc3 11. Qxc3 Qc7 12. Bf4 c5 13. Rad1 Bb7 14. Ng5
h6 15. Ne4 Rac8 16. Qh3 Bxe4 17. Rxe4 g5 18. Bc1 Qc6 19. Ree1 d5 20. Qg3 Rb8
21. h4 gxh4 22. Qxh4 Qe6 23. b3 Rb4 24. Qg3 Rg4 25. Qf3 d4 26. Ba3 Rc8 27. Qb7
Rc6 28. Rd3 Qd5 29. g3 Rh4 30. Qb8+ Kh7 31. gxh4 Rg6+ 32. Rg3 1-0

[Event "Cappelle-la-Grande"]
[Site "Cappelle-la-Grande (FRA)"]
[Date "2013.02.25"]
[Round "3.35"]
[White "Van Hoolandt, Patrick"]
[Black "Ninov, Nikolai"]
[Result "1/2-1/2"]
[WhiteElo "2195"]
[BlackElo "2520"]
[PlyCount "75"]
[EventDate "2013.??.??"]

1. d4 d6 2. c4 e5 3. Nc3 exd4 4. Qxd4 Nc6 5. Qd2 g6 6. b3 Bg7 7. Bb2 Nf6 8. g3
O-O 9. Nh3 Bf5 10. Bg2 Ne5 11. Nf4 c6 12. O-O Qd7 13. Rad1 g5 14. Nd3 Nxd3 15.
exd3 h6 16. Ne4 Ne8 17. f4 g4 18. d4 Bxe4 19. Bxe4 f5 20. Bg2 d5 21. cxd5 cxd5
22. Qa5 Nf6 23. Rc1 Rf7 24. Rc2 b6 25. Qa6 Re8 26. Ba3 Ne4 27. Rd1 Kh7 28. Bf1
Nd6 29. Bg2 Rfe7 30. Qf1 Qe6 31. Qd3 Rf7 32. Rc6 Bf8 33. Bb4 Rc8 34. Re1 Qd7
35. Rxc8 Nxc8 36. Bxf8 Rxf8 37. Re5 Ne7 38. Qe2 1/2-1/2

[Event "Cappelle-la-Grande"]
[Site "Cappelle-la-Grande (FRA)"]
[Date "2013.02.25"]
[Round "3.37"]
[White "Vrublevskaya, Olga"]
[Black "Gabuzyan, Hovhannes"]
[Result "0-1"]
[WhiteElo "2132"]
[BlackElo "2517"]
[PlyCount "72"]
[EventDate "2013.??.??"]

1. d4 d5 2. c4 c6 3. Nf3 Nf6 4. e3 Bg4 5. cxd5 Bxf3 6. Qxf3 cxd5 7. Nc3 Nc6 8.
Bd3 g6 9. O-O Bg7 10. Rd1 O-O 11. Bf1 Rc8 12. Bd2 e5 13. dxe5 Nxe5 14. Qe2 Nc4
15. Be1 Re8 16. Rac1 Nb6 17. Nb5 Rxc1 18. Rxc1 a6 19. Nd4 Nc4 20. b3 Nd6 21.
Bc3 Nfe4 22. Bb2 Qa5 23. g3 Rc8 24. Rxc8+ Nxc8 25. f3 Ned6 26. a4 h5 27. Qc2
Ne7 28. Ne2 Qb6 29. Bd4 Bxd4 30. exd4 Ndf5 31. Bh3 Nxd4 32. Nxd4 Qxd4+ 33. Kg2
Qe3 34. Bd7 d4 35. Qc4 d3 36. Be8 Qe2+ 0-1

[Event "Cappelle-la-Grande"]
[Site "Cappelle-la-Grande (FRA)"]
[Date "2013.02.25"]
[Round "3.38"]
[White "Deac, Bogdan-Daniel"]
[Black "Kiselev, Vitaliy"]
[Result "1/2-1/2"]
[WhiteElo "2117"]
[BlackElo "2517"]
[PlyCount "152"]
[EventDate "2013.??.??"]

1. d4 Nf6 2. c4 c5 3. d5 e6 4. Nc3 exd5 5. cxd5 d6 6. Nf3 g6 7. Bf4 a6 8. a4
Bg7 9. e3 O-O 10. h3 Nh5 11. Bh2 f5 12. Be2 f4 13. O-O fxe3 14. fxe3 Qe7 15.
Kh1 Nd7 16. Nd2 Rxf1+ 17. Qxf1 Nhf6 18. Nc4 Ne8 19. a5 Ne5 20. Bxe5 Bxe5 21.
Nxe5 Qxe5 22. Qf4 Qe7 23. Na4 Bd7 24. Nb6 Rd8 25. Rf1 Kg7 26. b4 cxb4 27. Nxd7
Rxd7 28. Bg4 Rc7 29. Rb1 Nf6 30. Be6 Nd7 31. Bxd7 Rxd7 32. Rxb4 Qf6 33. Kh2 h5
34. Re4 Re7 35. Rxe7+ Qxe7 36. Kh1 Qf6 37. Qe4 Kf7 38. Qb1 Qe7 39. e4 h4 40.
Qb6 g5 41. Qf2+ Ke8 42. Qb6 Kf7 43. Qf2+ Ke8 44. Qb6 Qd7 45. Qd4 Qd8 46. Qc3
Kd7 47. Qb4 Kc8 48. Qc3+ Kd7 49. Qb4 Kc8 50. Qc3+ Kb8 51. Qb4 Qf6 52. Qb6 Kc8
53. Qb4 Qe5 54. Qc4+ Kb8 55. Qb4 Qf6 56. Qb6 Qf1+ 57. Kh2 Qf4+ 58. Kh1 Qf6 59.
Qb4 Kc7 60. Qc4+ Kd7 61. Qb4 Qf1+ 62. Kh2 Qf4+ 63. Kh1 Kc8 64. Qc3+ Kd8 65.
Qh8+ Kd7 66. Qg7+ Kc8 67. Qc3+ Kb8 68. Qh8+ Ka7 69. Qd4+ Kb8 70. Qh8+ Kc7 71.
Qc3+ Kd8 72. Qh8+ Ke7 73. Qg7+ Ke8 74. Qg8+ Ke7 75. Qg7+ Ke8 76. Qg8+ Ke7
1/2-1/2

[Event "Cappelle-la-Grande"]
[Site "Cappelle-la-Grande (FRA)"]
[Date "2013.02.25"]
[Round "3.39"]
[White "Veys, Vincent"]
[Black "Glud, Jakob Vang"]
[Result "0-1"]
[WhiteElo "2109"]
[BlackElo "2514"]
[PlyCount "66"]
[EventDate "2013.??.??"]

1. e4 e5 2. Nf3 Nc6 3. Bb5 a6 4. Ba4 Nf6 5. O-O Be7 6. Re1 b5 7. Bb3 d6 8. c3
O-O 9. h3 Nb8 10. d4 Nbd7 11. Nbd2 c5 12. Nf1 Re8 13. Ng3 Bf8 14. Bc2 cxd4 15.
cxd4 exd4 16. Nxd4 d5 17. Bg5 Bb7 18. e5 Rxe5 19. Rxe5 Nxe5 20. Nh5 Ned7 21.
Qf3 h6 22. Bh4 g5 23. Bg3 Nxh5 24. Qxh5 Nf6 25. Qf3 Ne4 26. Qd3 Qf6 27. Nb3 Bg7
28. Re1 Rc8 29. Bb1 Qxb2 30. Qf3 Qc3 31. Rc1 Qxf3 32. Rxc8+ Bxc8 33. gxf3 Nc3
0-1

[Event "Cappelle-la-Grande"]
[Site "Cappelle-la-Grande (FRA)"]
[Date "2013.02.25"]
[Round "3.40"]
[White "Harazinska, Ewa"]
[Black "Jianu, Vlad-Cristian"]
[Result "0-1"]
[WhiteElo "2019"]
[BlackElo "2500"]
[PlyCount "56"]
[EventDate "2013.??.??"]

1. d4 Nf6 2. c4 c5 3. d5 e5 4. Nc3 d6 5. e4 Nbd7 6. Bd3 Be7 7. Nge2 a6 8. a4 b6
9. Ng3 h5 10. Nf5 Bf8 11. Bg5 g6 12. Nh4 Be7 13. Bxf6 Nxf6 14. g3 Ng4 15. Ng2
h4 16. Be2 Nh6 17. Nxh4 Bxh4 18. gxh4 Qxh4 19. Qd3 Ng4 20. Bxg4 Qxg4 21. Qg3
Rh3 22. Qxg4 Bxg4 23. Ra3 O-O-O 24. a5 Rdh8 25. axb6 Kb7 26. Rb3 Rd3 27. h3 Bf3
28. Rh2 Rh4 0-1

[Event "Cappelle-la-Grande"]
[Site "Cappelle-la-Grande (FRA)"]
[Date "2013.02.25"]
[Round "3.42"]
[White "Fedorchuk, Sergey A"]
[Black "Pedersen, Henrik Bolding"]
[Result "1-0"]
[WhiteElo "2643"]
[BlackElo "2136"]
[PlyCount "47"]
[EventDate "2013.??.??"]

1. e4 e6 2. d4 d5 3. Nd2 c5 4. exd5 Qxd5 5. dxc5 Nf6 6. Ngf3 Bxc5 7. Bc4 Qd8 8.
O-O O-O 9. Qe2 Nbd7 10. Nb3 Be7 11. Nbd4 Nb6 12. Bb3 Qc7 13. Ne5 Bc5 14. Nb5
Qe7 15. Bg5 a6 16. Nc3 Nbd7 17. Rad1 b5 18. Rd3 Nxe5 19. Qxe5 Bb7 20. Bxf6 gxf6
21. Qh5 Kg7 22. Rg3+ Kh8 23. Rh3 Bxf2+ 24. Rxf2 1-0

[Event "Cappelle-la-Grande"]
[Site "Cappelle-la-Grande (FRA)"]
[Date "2013.02.25"]
[Round "3.44"]
[White "Hoolt, Sarah"]
[Black "Iturrizaga, Eduardo"]
[Result "0-1"]
[WhiteElo "2308"]
[BlackElo "2646"]
[PlyCount "88"]
[EventDate "2013.??.??"]

1. e4 c5 2. Nf3 g6 3. d4 cxd4 4. Nxd4 Nc6 5. g3 Bg7 6. Ne2 b6 7. Bg2 Ba6 8. O-O
Rc8 9. Re1 Nf6 10. Nbc3 d6 11. Nd5 Nd7 12. c3 O-O 13. Nd4 Nde5 14. Nxc6 Nxc6
15. Qa4 Bb7 16. Bg5 h6 17. Be3 e6 18. Nb4 Na5 19. Rad1 Nc4 20. Bc1 a5 21. Nc2
Ba6 22. Bf1 b5 23. Qb3 Qd7 24. Bf4 Rc6 25. Na3 g5 26. Bc1 Ne5 27. Re3 Rc5 28.
Qc2 g4 29. Qb1 f5 30. b4 Rcc8 31. exf5 Rxf5 32. Bg2 Bb7 33. bxa5 Bxg2 34. Kxg2
Qb7+ 35. Qe4 d5 36. Qb1 d4+ 37. Qe4 Rxf2+ 38. Kg1 dxe3 39. Qxb7 Nf3+ 40. Qxf3
gxf3 41. Bxe3 Rg2+ 42. Kh1 Rxc3 43. Bc1 Rxa2 44. Nxb5 Rcc2 0-1

[Event "Cappelle-la-Grande"]
[Site "Cappelle-la-Grande (FRA)"]
[Date "2013.02.25"]
[Round "3.45"]
[White "Decoster, Frederic"]
[Black "Sumets, Andrey"]
[Result "0-1"]
[WhiteElo "2305"]
[BlackElo "2632"]
[PlyCount "58"]
[EventDate "2013.??.??"]

1. e4 e6 2. d4 d5 3. Nc3 h6 4. Nf3 Nf6 5. e5 Nfd7 6. Ne2 c5 7. c3 Nc6 8. h4 Qa5
9. a3 Be7 10. Nf4 Nxd4 11. Nxd4 cxd4 12. Qxd4 Bc5 13. Qd1 Qc7 14. Nd3 Nxe5 15.
Nxc5 Qxc5 16. Be3 Qc7 17. f4 Nc6 18. Bb5 O-O 19. Qf3 Bd7 20. Bxc6 Bxc6 21. Qf2
Bb5 22. Bxa7 Qc4 23. Be3 f6 24. Qd2 e5 25. Kf2 Rad8 26. Rac1 Rfe8 27. Rhe1 d4
28. cxd4 exd4 29. Kg1 dxe3 0-1

[Event "Cappelle-la-Grande"]
[Site "Cappelle-la-Grande (FRA)"]
[Date "2013.02.25"]
[Round "3.46"]
[White "Svetushkin, Dmitry"]
[Black "Strugnell, Carl"]
[Result "1-0"]
[WhiteElo "2612"]
[BlackElo "2305"]
[PlyCount "65"]
[EventDate "2013.??.??"]

1. e4 e5 2. Nf3 Nc6 3. Bb5 a6 4. Ba4 Nf6 5. O-O Be7 6. d3 d6 7. c4 Bg4 8. Be3
O-O 9. Nbd2 Nd7 10. h3 Bxf3 11. Nxf3 Bf6 12. b4 b5 13. cxb5 axb5 14. Bxb5 Nxb4
15. a3 Na6 16. Bc6 Rb8 17. Ba7 Ndc5 18. Qc2 Rc8 19. a4 Ra8 20. Bxc5 Nxc5 21.
Bxa8 Qxa8 22. Qc4 g6 23. a5 Qa7 24. Ra2 Rb8 25. d4 Nd7 26. dxe5 Nxe5 27. Nxe5
Bxe5 28. Kh1 c5 29. f4 Bd4 30. f5 Be5 31. fxg6 hxg6 32. g4 Rf8 33. Raf2 1-0

[Event "Cappelle-la-Grande"]
[Site "Cappelle-la-Grande (FRA)"]
[Date "2013.02.25"]
[Round "3.49"]
[White "Ambartsumova, Karina"]
[Black "Nabaty, Tamir"]
[Result "0-1"]
[WhiteElo "2294"]
[BlackElo "2573"]
[PlyCount "102"]
[EventDate "2013.??.??"]

1. e4 c6 2. d4 d5 3. exd5 cxd5 4. c4 Nf6 5. Nc3 g6 6. Qb3 Bg7 7. cxd5 O-O 8.
Nge2 Na6 9. g3 b5 10. a3 Nc7 11. Bg2 Bb7 12. O-O Ncxd5 13. Qxb5 Rb8 14. Qd3 Qb6
15. Na4 Qd6 16. Nc5 Bc6 17. Rd1 Rfd8 18. Nc3 Nxc3 19. bxc3 Bxg2 20. Kxg2 Rbc8
21. Bf4 Qc6+ 22. Qf3 Nd5 23. Bd2 e5 24. Rac1 Nb6 25. Qxc6 Rxc6 26. Be3 Nc4 27.
a4 h6 28. Rb1 Bf8 29. Nb7 Rd7 30. dxe5 Nxe3+ 31. fxe3 Re7 32. Rd5 Rxc3 33. Kf3
Bg7 34. Rbb5 Ra3 35. a5 a6 36. Rb6 Bxe5 37. Rxa6 Bg7 38. Ra8+ Kh7 39. Nc5
Rexe3+ 40. Kf2 Rf3+ 41. Kg2 Rfc3 42. Ra7 Rc2+ 43. Kh3 Raa2 44. Rxf7 h5 45. Kh4
Rc4+ 46. Kh3 Kh6 47. Nd3 Rcc2 48. g4 Rxh2+ 49. Kg3 h4+ 50. Kf3 Rh3+ 51. Ke4
Ra4+ 0-1